Tenisový klub s reštauráciou – Pri Habánskom mlyne, Bratislava
Na minha lista:
| Autor principal: | |
|---|---|
| Outros Autores: | |
| Formato: | Manuscrito Livro |
| Idioma: | eslovaco |
| Publicado em: |
Bratislava :
STU v Bratislave FA,
2010
|
| Assuntos: | |
| Acesso em linha: | VAIS |
| Tags: |
Sem tags, seja o primeiro a adicionar uma tag!
|
MARC
| LEADER | 00000ntm a22000003a 4500 | ||
|---|---|---|---|
| 001 | stu219114 | ||
| 005 | 20210729073715.8 | ||
| 008 | 101209s2010----xo------------------slo-d | ||
| 040 | |a STU |b slo | ||
| 041 | 0 | |a slo | |
| 044 | |a xo | ||
| 100 | 1 | |a Peráček, Ľubomír, |d 1987- |4 aut |u A |T FAD Fakulta architektúry |X 40093 |U A |Y 50 |7 A000040093 | |
| 242 | 0 | 0 | |a Tenis club with restaurant -- Pri Habánskom mlyne, Bratislava |y eng |
| 245 | 1 | |a Tenisový klub s reštauráciou – Pri Habánskom mlyne, Bratislava | |
| 260 | |a Bratislava : |b STU v Bratislave FA, |c 2010 | ||
| 650 | 7 | |a architektúra a urbanizmus |2 stusub | |
| 650 | 7 | |a Architecture and Urban Design |2 estusub | |
| 650 | 7 | |a architecture |2 estusub | |
| 650 | 7 | |a drevostavba |2 stusub | |
| 650 | 7 | |a tenisový klub |2 stusub | |
| 700 | 1 | |a Ilkovič, Ján, |d 1957- |4 ths |u A4140 |U FAD Fakulta architektúry |U FAD Fakulta architektúry |T FA Ústav konštrukcií v architektúre a inžinierskych stavieb |X 418 |U A4140 |Y 395 |7 A000000418 | |
| 856 | 4 | |a info a plný text |u http://is.stuba.sk/zp/portal_zp.pl?podrobnosti=5358 |u https://opac.crzp.sk/?fn=detailBiblioForm&sid=4156E77560192824B4641B96D6BB |3 VAIS | |